000 00466nam a2200169Ia 4500
008 090711s9999 xx 000 0 und d
082 _b68150
100 _aपटेल किरण
245 _aकुन्तल
260 _bगाला पब्लिशर्स
_c1991
300 _a88
600 _aपटेल किरण
630 _aकुन्तल
700 _aपटेल किरण
730 _aकुन्तल
942 _cBOOK
999 _c308781
_d308781